Statistiques concernant Titres les plus Streamés : Zola

Cliquez ici pour prendre le quiz!

Statistiques générales

  • Ce quiz a été pris 164 fois
  • Le résultat moyen est 6 sur 10

Statistiques - réponses

HintRéponse% Correct
97 600 000AMBER
91%
100 500 000Papers
86%
49 800 000L1 L2
69%
66 500 000Wow
61%
48 100 000Madame
57%
41 800 000Astroboy
53%
54 900 0009113
48%
55 000 000Ouais Ouais
44%
49 100 000TOUTE LA JOURNEE
42%
39 400 000COEUR EN ICE
2%

Distribution des résultats

Percentile par nombre de réponses

% des personnes avec chaque résultat

Votre développement - résultats

Vous n’avez pas pris ce quiz